| 000 | 00697 a2200181 4500 | ||
|---|---|---|---|
| 999 |
_c2170 _d2170 |
||
| 020 | _a9781779201195 | ||
| 050 | 0 | 0 | _aLB1027.5CHI 2017 |
| 100 | 1 | _aChireshe, Regis. | |
| 245 | 1 | 0 |
_aDeveloping, implementing and evaluating guidance and counselling programmes in Zimbabwe secondary schools / _cRegis Chireshe and John Mapfumo |
| 264 | 1 |
_aMount Pleasant, Harare, Zimbabwe: _bUniversity of Zimbabwe Publications, _c2017. |
|
| 300 | _av, 77 pages . | ||
| 500 | _aIncludes index | ||
| 504 | _aIncludes bibliographical references (pages 75-77). | ||
| 650 | 0 | _aEducational counseling | |
| 700 | 1 | _aMapfumo, John. | |
| 942 |
_2lcc _cBK _h1027.5 _iCHI _kLB |
||